| 000 | 01447nam a2200385 c 4500 | ||
|---|---|---|---|
| 003 | BLK | ||
| 005 | 20240301142322.0 | ||
| 008 | 180408b bul|||||r ||||||| ||bul|| | ||
| 010 | _aKNG00083017000 | ||
| 020 |
_a978-954-733-555-4 _bиздат.: Прозорец |
||
| 040 | _aBLK | ||
| 041 |
_aBUL _cBUL |
||
| 080 |
_aСтудена война _b327.54 _x(47) _z327.54(47) |
||
| 100 | 1 |
_aЛукас, Едуард _eпърви автор _9298774 |
|
| 700 | 1 |
_aТалев, Павел Димитров _eпрев. от англ. _9367880 |
|
| 139 |
_aЛукас, Едуард _bЛ 86 |
||
| 245 | 1 | 0 |
_aНовата студена война _cЕдуард Лукас; прев. от англ. Павел Димитров Талев. |
| 257 | _aGBR | ||
| 260 |
_аСофия _bПрозорец _c2008 _fСофия : Инвестпрес |
||
| 300 |
_a368 с. _bс к. _c20 см |
||
| 380 | _a3 | ||
| 490 | 1 | _aПоредица Хроника | |
| 500 | _aОриг. загл. The New Cold War / Edward Lucas | ||
| 650 | 4 |
_aРусия - външна политика _9261212 |
|
| 650 | 4 |
_aСтудена война _9278784 |
|
| 651 | 4 |
_aРусия _9179465 |
|
| 653 | _aСтудена война | ||
| 653 | _aвъншна политика | ||
| 852 | _aЦб 239491 | ||
| 856 | 4 |
_qpdf _u |
|
| 856 | 4 |
_qpdf _u |
|
| 942 |
_cKNG _n0 _03 |
||
| 944 |
_aCR _c08.04.2008 _k30538 _lСилвия Димитрова |
||
| 944 |
_aED _c11.11.2008 _k |
||
| 999 |
_c78551 _d78551 |
||